XIX-wieczna podróż z Kaszub do Gdańska

Titel: XIX-wieczna podróż z Kaszub do Gdańska
Verfasser:
In: Studia europejskie, Band 4 (1999), Seite 217-236
alle Artikel anzeigen
Veröffentlicht: 1999
Format: Aufsatz
Sprache: Polnisch
ISBN: 837174465X
Buchumschlag
X
alg: 39351017
001A    $01999:12-11-16 
001B    $01999:22-05-21 $t21:58:58.000 
001D    $01999:12-11-16 
001U    $0utf8 
001X    $00 
002@    $0Aox 
003@    $0393510174 
004A    $083-7174-465-X 
007A    $0393510174 $aHEB 
007T    $0Herdt13202 
010@    $apol 
011@    $a1999 
021A    $aXIX-wieczna podróż z Kaszub do Gdańska 
027A    $aEine Reise von Kaschubien nach Danzig im 19. Jahrhundert 
028A    $aLinkner $dTadeusz 
031A    $d4 $h217-236 $j1999 
039B    $aIn $8--Abvc--. Studia europejskie. - Toruń : Marszałek, 1998- $x199900000040000783 $909103485X 
045F    $a929.094382 $eDDC23BSB 
045F/01 $a929 
045F/03 $g4382 
045F/03 $g43832 
046C    $aEine Reise von Kaschubien nach Danzig im 19. Jahrhundert $bÜbers. des Hauptsacht. 

lok: 39351017 78

exp: 39351017 78 1 #EPN
201B/01 $029-05-18 $t22:56:12.000 
201U/01 $0utf8 
203@/01 $0789620618 
208@/01 $a12-11-16 $be 
209A/01 $a/ $f000 $x00 
220C/01 $aTitelaufnehmer: uz;gk 
220C/01 $aHerkunft: UMK/BU Toruń 
244Z/01 $2Trx $#Prusy Wschodnie i Zachodnie $8--Trx--Ost- und Westpreußen $x01 $939113373X 
244Z/01 $#Danzig $#Ville Libre de Danzig $#Dantzig $#Ville Libre de Dantzig $#Freistaat Danzig $#Gdańsk $#Freie Stadt Danzig $#Urząd Miejski w Gdańsku $#Gyddanzyc $#Gedanum $#Dantiscum $74011039-4 $8--Tg1--Danzig $x02 $9085022225 
244Z/01 $#Kaszuby $#Kaschubei $#Pommerellen, Nord $#Nordpommerellen $74284575-0 $8--Tg1--Kaschubien $x03 $9086537350 
244Z/01 $#Damroth, Konstantin $#Lubiński, Czesław $#Lublinski, Czeslaw $7119084708 $8--Tp1--Damrot, Konstanty$Z1841-1895 $x04 $9087424924 
244Z/01 $2Trx $#reisikirjeldused $#kelionių aprašymai $#travel descriptions $#útleírások $#opisy podróży $#cestopisy $#cestopisy $8--Trx--Reisebeschreibungen $x05 $939138290X 
244Z/01 $2Trx $8--Trx--Zeitschriftenaufsatz $x06 $9391384341 
245Z/01 $a12.03 $x01 
247C/01 $82080>Marburg/Lahn, Herder-Institut, Forschungsbibliothek, Bibliographieportal $9336309341
LEADER 00000caa a22000002c 4500
001 393510174
003 DE-603
005 20210522215858.0
007 tu
008 161112s1999 xx |||| | u00||u|pol c
020 |a 837174465X 
035 |a (DE-599)HEB393510174 
040 |a DE-603  |b ger  |c DE-603  |d DE-603 
041 |a pol 
082 0 4 |8 1\u  |a 929.094382  |q DE-101  |2 23/BSB 
085 |8 1\u  |b 929 
085 |8 1\u  |z 2  |s 4382 
085 |8 1\u  |z 2  |s 43832 
100 1 |a Linkner, Tadeusz 
245 0 0 |a XIX-wieczna podróż z Kaszub do Gdańska 
246 1 |i Übers. des Hauptsacht.  |a Eine Reise von Kaschubien nach Danzig im 19. Jahrhundert 
246 1 3 |a Eine Reise von Kaschubien nach Danzig im 19. Jahrhundert 
264 0 |c 1999 
773 0 8 |i In  |t Studia europejskie  |d Toruń : Marszałek, 1998-  |g Band 4 (1999), Seite 217-236  |w (DE-603)09103485X  |w (DE-600)2011040-6 
924 0 |9 2080  |a (DE-603)789620618  |b DE-2080  |c HES  |d d  |g /